[Event "Ct. Catalunya eq. DH"]
[Site "?"]
[Date "2011.01.29"]
[Round "1.8"]
[White "Montilla Carrillo, E."]
[Black "Yepes Martinez, E."]
[Result "0-1"]
[WhiteElo "2278"]
[BlackElo "2260"]
[PlyCount "66"]
[EventDate "2011.??.??"]
[EventType "team"]

1. e4 e6 2. d4 d5 3. e5 c5 4. c3 Nc6 5. Nf3 Bd7 6. Be2 Nge7 7. Na3 Ng6 8. Nc2
Be7 9. g3 cxd4 10. cxd4 O-O 11. h4 f6 12. h5 Nh8 13. Bd3 Rc8 14. O-O fxe5 15.
Nxe5 Nxe5 16. dxe5 Bc5 17. Qg4 Nf7 18. Bf4 Qe7 19. Rac1 Kh8 20. Ne3 Bd4 21. h6
Nxe5 22. Bg5 Qxg5 23. Qxg5 Nf3+ 24. Kg2 Nxg5 25. hxg7+ Kxg7 26. Nc2 Bb6 27. f4
Ne4 28. Rce1 Nc5 29. Be2 Na4 30. Nb4 Nxb2 31. Rb1 Nc4 32. Rh1 Ne3+ 33. Kf3 e5
0-1

[Event "Ct. Catalunya eq. DH"]
[Site "?"]
[Date "2011.01.29"]
[Round "1.8"]
[White "Roig Grau, J."]
[Black "Sadrija, E."]
[Result "1/2-1/2"]
[WhiteElo "2255"]
[BlackElo "2244"]
[PlyCount "99"]
[EventDate "2011.??.??"]
[EventType "team"]

1. d4 d6 2. Nf3 Nf6 3. Bg5 c6 4. c3 Qb6 5. Qb3 Ne4 6. Bf4 g6 7. Nbd2 Nxd2 8.
Nxd2 Bg7 9. e4 O-O 10. Be2 Qc7 11. O-O Nd7 12. Be3 b6 13. f4 Nf6 14. Kh1 d5 15.
e5 Ng4 16. Bg1 h5 17. Bd3 Nh6 18. Qd1 Bg4 19. Qe1 Qd7 20. Nf3 Rac8 21. Nh4 Kh7
22. f5 Nxf5 23. Nxf5 Bxf5 24. Bxf5 gxf5 25. Qh4 Rh8 26. Qxh5+ Kg8 27. Qxf5 Qxf5
28. Rxf5 f6 29. exf6 Bxf6 30. Bf2 Kf7 31. Bg3 Ke6 32. Raf1 Rh6 33. Be5 Rch8 34.
h3 c5 35. Bxf6 exf6 36. R5f4 Rd8 37. Re1+ Kf7 38. Re5 cxd4 39. cxd4 Rh4 40.
Rxd5 Rxh3+ 41. gxh3 Rxd5 42. Kg2 Rh5 43. a3 Rb5 44. b4 a5 45. bxa5 bxa5 46. h4
Kg6 47. Kf2 Rb3 48. Ke2 Rxa3 49. d5 Kf7 50. d6 1/2-1/2

[Event "Ct. Catalunya eq. DH"]
[Site "?"]
[Date "2011.01.29"]
[Round "1.9"]
[White "Dickl, E."]
[Black "Godesard Forga, C."]
[Result "1-0"]
[WhiteElo "2231"]
[BlackElo "2156"]
[PlyCount "93"]
[EventDate "2011.??.??"]
[EventType "team"]

1. e4 e6 2. d3 d5 3. Nd2 c5 4. Ngf3 Nc6 5. g3 dxe4 6. dxe4 e5 7. Bb5 Qc7 8. O-O
Bg4 9. c3 Nf6 10. Qa4 Bd6 11. Re1 O-O 12. Bxc6 bxc6 13. Kg2 Qd7 14. Ng1 Ne8 15.
Nb3 Be6 16. Be3 Qe7 17. f3 f5 18. exf5 Rxf5 19. Qxc6 Rc8 20. Qe4 Nf6 21. Qc2
Rf8 22. Rad1 Nd5 23. Qe4 c4 24. Rxd5 cxb3 25. Ra5 bxa2 26. Rxa7 Qe8 27. Ra6 Qb8
28. b4 R5f6 29. Rd1 Bb3 30. Rc1 Qb5 31. Ra5 Qb8 32. Ra3 Bf7 33. c4 Qxb4 34.
Rxa2 Bc5 35. Bxc5 Qxc5 36. Rb2 Ra6 37. Nh3 Bh5 38. g4 Bg6 39. Qd5+ Qxd5 40.
cxd5 e4 41. f4 e3 42. Kf3 Re8 43. f5 Bf7 44. Nf4 Rd6 45. Rc5 Red8 46. Ne6 Rxd5
47. Rxd5 1-0

[Event "Ct. Catalunya eq. DH"]
[Site "?"]
[Date "2011.01.29"]
[Round "1.10"]
[White "Folch Abad, S."]
[Black "Garcia Rubio, JA."]
[Result "1/2-1/2"]
[WhiteElo "2210"]
[BlackElo "2213"]
[PlyCount "43"]
[EventDate "2011.??.??"]
[EventType "team"]

1. e4 c6 2. d4 d5 3. Nd2 g6 4. c3 Bg7 5. Ngf3 Bg4 6. h3 Bxf3 7. Qxf3 dxe4 8.
Nxe4 Nf6 9. Nc5 Qc8 10. Bc4 Nbd7 11. Nxd7 Qxd7 12. O-O O-O 13. a4 e6 14. Re1
Nd5 15. Bg5 Rfe8 16. Bxd5 exd5 17. h4 Rxe1+ 18. Rxe1 Re8 19. Rxe8+ Qxe8 20. Qf4
Qc8 21. Bf6 Bxf6 22. Qxf6 1/2-1/2

[Event "Ct. Catalunya eq. DH"]
[Site "?"]
[Date "2011.01.29"]
[Round "1.10"]
[White "Llobet Reus, J."]
[Black "Valencia Jimenez, J."]
[Result "1/2-1/2"]
[WhiteElo "2043"]
[BlackElo "2034"]
[PlyCount "61"]
[EventDate "2011.??.??"]
[EventType "team"]

1. e4 g6 2. d4 Bg7 3. Nf3 d6 4. Bc4 Nf6 5. Nc3 c6 6. a4 O-O 7. O-O Nxe4 8. Nxe4
d5 9. Bd3 dxe4 10. Bxe4 Be6 11. Re1 Na6 12. Bg5 h6 13. Bf4 Bg4 14. h3 Bxf3 15.
Bxf3 Nc7 16. c3 e6 17. Qb3 Qc8 18. Bg3 Nd5 19. a5 Rd8 20. Red1 Bf8 21. c4 Ne7
22. Ra4 Nf5 23. Be5 Bg7 24. Bxg7 Kxg7 25. d5 e5 26. dxc6 Rxd1+ 27. Qxd1 bxc6
28. Bg4 Rb8 29. Qe1 Qe6 30. Qc3 Qf6 31. Bxf5 1/2-1/2

[Event "Ct. Catalunya eq. DH"]
[Site "?"]
[Date "2011.01.29"]
[Round "1.10"]
[White "Yastrebova, T."]
[Black "Forsberg Conde, M."]
[Result "0-1"]
[WhiteElo "1991"]
[BlackElo "2060"]
[PlyCount "70"]
[EventDate "2011.??.??"]
[EventType "team"]

1. d4 d5 2. c4 e6 3. Nc3 Nf6 4. cxd5 exd5 5. Bg5 Be7 6. e3 c6 7. Qc2 O-O 8. Bd3
Nbd7 9. Nge2 Re8 10. O-O Nf8 11. f3 Be6 12. Rae1 Rc8 13. e4 dxe4 14. fxe4 Ng4
15. Bxe7 Qxe7 16. Qd2 c5 17. d5 Bd7 18. Nf4 c4 19. Bb1 Qd6 20. h3 Ne5 21. Nce2
b5 22. a3 Nfg6 23. Kh1 Rc7 24. Nd4 c3 25. bxc3 Qxa3 26. Nxg6 hxg6 27. Rc1 Rec8
28. Nf3 Nxf3 29. Rxf3 Qd6 30. Re1 Qe5 31. Ree3 a5 32. Ba2 Be8 33. Rg3 b4 34. c4
Rb7 35. Re1 Qxg3 0-1

[Event "Ct. Catalunya eq. DH"]
[Site "?"]
[Date "2011.02.05"]
[Round "2.1"]
[White "Hernando Rodrigo, JA."]
[Black "Movsziszian, K."]
[Result "0-1"]
[WhiteElo "2386"]
[BlackElo "2516"]
[PlyCount "31"]
[EventDate "2011.??.??"]
[EventType "team"]

1. d4 d6 2. c4 g6 3. Nc3 Bg7 4. Nf3 Nf6 5. Bg5 h6 6. Bh4 g5 7. Bg3 Nh5 8. e3 c5
9. dxc5 Nxg3 10. hxg3 dxc5 11. Qxd8+ Kxd8 12. O-O-O+ Bd7 13. Ne4 b6 14. g4 Kc7
15. Nh2 Nc6 16. Be2 {mal apuntada} 0-1

[Event "Ct. Catalunya eq. DH"]
[Site "?"]
[Date "2011.02.05"]
[Round "2.1"]
[White "Ipatov, A."]
[Black "Peralta, F."]
[Result "1/2-1/2"]
[WhiteElo "2529"]
[BlackElo "2625"]
[PlyCount "58"]
[EventDate "2011.??.??"]
[EventType "team"]

1. d4 d5 2. c4 e6 3. Nf3 Nf6 4. e3 c5 5. cxd5 exd5 6. Bb5+ Nbd7 7. dxc5 Bxc5 8.
O-O a6 9. Be2 O-O 10. Bd2 Ne4 11. Bc3 Ndf6 12. Bd4 Bd6 13. Nc3 Re8 14. Rc1 Bg4
15. Na4 Qe7 16. a3 b5 17. Nb6 Rad8 18. Rc6 Qe6 19. Ne5 Bxe2 20. Qxe2 Qf5 21. g4
Nxg4 22. Qxg4 Rxe5 23. Qg2 Nd2 24. Nxd5 Nf3+ 25. Kh1 Nxd4 26. Rxd6 Rxd5 27. e4
R5xd6 28. exf5 Nxf5 29. Qb7 g6 1/2-1/2

[Event "Ct. Catalunya eq. DH"]
[Site "?"]
[Date "2011.02.05"]
[Round "2.1"]
[White "Moskalenko, V."]
[Black "Navara, D."]
[Result "0-1"]
[WhiteElo "2564"]
[BlackElo "2708"]
[PlyCount "65"]
[EventDate "2011.??.??"]
[EventType "team"]

1. d4 d5 2. c4 dxc4 3. e3 e5 4. Bxc4 exd4 5. exd4 Nf6 6. Nf3 Bd6 7. O-O O-O 8.
Nc3 Nc6 9. h3 h6 10. Re1 Re8 11. Rxe8+ Qxe8 12. Nb5 Qe4 13. Qb3 Na5 14. Bxf7+
Kf8 15. Qc3 Kxf7 16. Nxd6+ cxd6 17. Qxa5 Bxh3 18. Qc7+ Kg8 19. Qxd6 Bg4 20. Bf4
Bxf3 21. gxf3 Qxf3 22. Re1 Rf8 23. Re3 Qd5 24. a3 Rd8 25. Qxd5+ Nxd5 26. Re4
Nf6 27. Re7 Rd7 28. Rxd7 Nxd7 29. Kg2 Kf7 30. Kf3 Ke6 31. Bd2 b5 32. Kf4 a6 33.
Bb4 0-1

[Event "Ct. Catalunya eq. DH"]
[Site "?"]
[Date "2011.02.05"]
[Round "2.1"]
[White "Muñoz Pantoja, M."]
[Black "Marin, M."]
[Result "1/2-1/2"]
[WhiteElo "2533"]
[BlackElo "2582"]
[PlyCount "69"]
[EventDate "2011.??.??"]
[EventType "team"]

1. e4 c6 2. Nc3 d5 3. Nf3 g6 4. d4 Bg7 5. h3 Nh6 6. Bd3 O-O 7. O-O f6 8. Ne2
dxe4 9. Bxe4 Na6 10. c4 Nf7 11. Bf4 e5 12. dxe5 fxe5 13. Bg3 Nc5 14. Nc3 Nd6
15. Qe2 Ndxe4 16. Nxe4 Nxe4 17. Qxe4 Bf5 18. Qe3 Bd3 19. Rfd1 e4 20. Ne5 Re8
21. Nxd3 exd3 22. Qf3 d2 23. Bf4 Bxb2 24. Rab1 Re1+ 25. Rxe1 dxe1=R+ 26. Rxe1
Qf6 27. Qb3 Bd4 28. Be3 Rf8 29. Rd1 Bxe3 30. Qxe3 b6 31. Rd7 Rf7 32. Qe8+ Rf8
33. Qe3 Rf7 34. Qe8+ Rf8 35. Qe3 1/2-1/2

[Event "Ct. Catalunya eq. DH"]
[Site "?"]
[Date "2011.02.05"]
[Round "2.2"]
[White "Llaneza Vega, M."]
[Black "Pablo Mari, A."]
[Result "1/2-1/2"]
[WhiteElo "2489"]
[BlackElo "2458"]
[PlyCount "121"]
[EventDate "2011.??.??"]
[EventType "team"]

1. e4 e6 2. d4 d5 3. e5 c5 4. c3 Qb6 5. Nf3 Nc6 6. a3 c4 7. Be2 Bd7 8. Nbd2 Na5
9. O-O Ne7 10. Ng5 h6 11. Nh3 Qc7 12. Rb1 Nc8 13. Nf4 Nb6 14. Qe1 Ba4 15. Bd1
Bxd1 16. Qxd1 O-O-O 17. Qg4 g6 18. Re1 Kb8 19. Qf3 Be7 20. b4 cxb3 21. Nxb3
Nxb3 22. Rxb3 Qc4 23. Rb1 Rc8 24. Nd3 Rc7 25. Bd2 Bxa3 26. Ra1 Qb3 27. Reb1 Qc2
28. Be1 Nc4 29. h3 Rhc8 30. Rb5 a6 31. Rbb1 Ka7 32. Kh2 h5 33. h4 Ka8 34. Kg1
Nb2 35. Rxb2 Bxb2 36. Ra2 Rxc3 37. Bxc3 Qb1+ 38. Kh2 Bxc3 39. Ra3 Rc7 40. Qe3
Bb4 41. Ra4 Be7 42. Qf3 Qb5 43. Ra2 Ka7 44. Rb2 Qc4 45. Qe3 a5 46. Rb1 Ba3 47.
Nf4 Qc3 48. Nd3 b6 49. g3 Rc4 50. Qf3 Ka6 51. Rb3 Qxb3 52. Nc5+ Bxc5 53. Qxb3
Bxd4 54. Qf3 a4 55. Qxf7 a3 56. Qe8 Bc5 57. Qxe6 a2 58. Qc6 Rc2 59. Qa4+ Kb7
60. Qd7+ Ka6 61. Qa4+ 1/2-1/2

[Event "Ct. Catalunya eq. DH"]
[Site "?"]
[Date "2011.02.05"]
[Round "2.3"]
[White "Cruz Sanchez, C."]
[Black "Magem Badals, J."]
[Result "1/2-1/2"]
[WhiteElo "2573"]
[BlackElo "2490"]
[PlyCount "121"]
[EventDate "2011.??.??"]
[EventType "team"]

1. d4 d5 2. Nf3 Nf6 3. c4 c6 4. Nc3 e6 5. Bg5 h6 6. Bxf6 Qxf6 7. e3 g6 8. Bd3
Bg7 9. O-O O-O 10. e4 dxe4 11. Nxe4 Qd8 12. Qd2 e5 13. dxe5 Bg4 14. Rad1 Nd7
15. Be2 Qe7 16. Qe3 Rfd8 17. e6 Bxe6 18. Nd4 Nf8 19. b3 Re8 20. Nxe6 Nxe6 21.
Nd6 Nd4 22. Qxe7 Rxe7 23. Bd3 Rd8 24. c5 Be5 25. Ne4 f5 26. Nc3 Kg7 27. f4 Nf3+
28. Rxf3 Bxc3 29. Bc2 Rxd1+ 30. Bxd1 Bd4+ 31. Kf1 Bxc5 32. Rd3 h5 33. g3 a5 34.
Bf3 Kf6 35. h3 Bb4 36. Kf2 h4 37. g4 Bc5+ 38. Kg2 Re1 39. Rd1 Re7 40. Rd8 Kg7
41. gxf5 gxf5 42. Bh5 Be3 43. Re8 Rxe8 44. Bxe8 Bxf4 45. Bd7 Kf6 46. Bc8 b6 47.
Bb7 c5 48. Bc6 Ke5 49. Kf3 Bg5 50. Bd7 Kd4 51. Bxf5 Kc3 52. Ke4 Kb2 53. Kd5
Kxa2 54. Kc4 b5+ 55. Kxb5 Kxb3 56. Kxc5 a4 57. Kd4 a3 58. Ke4 a2 59. Be6+ Kb2
60. Bxa2 Kxa2 61. Kf3 1/2-1/2

[Event "Ct. Catalunya eq. DH"]
[Site "?"]
[Date "2011.02.05"]
[Round "2.3"]
[White "Matnadze, A."]
[Black "Kogan, A."]
[Result "0-1"]
[WhiteElo "2452"]
[BlackElo "2564"]
[PlyCount "142"]
[EventDate "2011.??.??"]
[EventType "team"]

1. d4 d5 2. g3 Bf5 3. Bg2 e6 4. Nf3 Nf6 5. O-O h6 6. c4 c6 7. Nc3 Nbd7 8. Qb3
Qb6 9. Qa4 Qb4 10. Qxb4 Bxb4 11. a3 Bxc3 12. bxc3 Ne4 13. Bd2 Nb6 14. c5 Nc4
15. Be1 b6 16. cxb6 axb6 17. Ne5 Nxe5 18. dxe5 Ra4 19. Bxe4 Rxe4 20. Bd2 Kd7
21. Rfe1 Ra8 22. f3 Rea4 23. Bc1 Rc4 24. Bd2 Ra5 25. Ra2 Rca4 26. Bc1 Rc5 27.
Be3 Rxc3 28. Bxb6 c5 29. Rea1 Ra6 30. Rb2 Kc6 31. Bd8 Rcxa3 32. Rxa3 Rxa3 33.
Rb6+ Kd7 34. Rd6+ Kc8 35. Bb6 c4 36. Bc5 Ra2 37. Kf1 Kc7 38. Bb6+ Kb7 39. Bd4
Rd2 40. e3 Bg6 41. h4 Rc2 42. Rb6+ Kc7 43. Rb5 h5 44. Ra5 Kd7 45. Ra7+ Kc6 46.
Ra5 Bd3+ 47. Kg1 Be2 48. f4 Bd3 49. Kh1 Be4+ 50. Kg1 Rg2+ 51. Kf1 Rxg3 52. Ke1
Rg2 53. Rc5+ Kd7 54. Ra5 Bg6 55. Kd1 Rh2 56. Ra6 Rxh4 57. Kd2 Rh1 58. Kc3 Rb1
59. Bb6 Kc6 60. Bd8+ Kb7 61. Ra3 Bf5 62. Be7 Kc6 63. Bd8 Be4 64. Ra6+ Kb7 65.
Ra3 Rd1 66. Kb4 Rb1+ 67. Kc5 Rb3 68. Ra1 Bf5 69. Be7 c3 70. Rc1 c2 71. Kd4 Kc6
0-1

[Event "Ct. Catalunya eq. DH"]
[Site "?"]
[Date "2011.02.05"]
[Round "2.3"]
[White "Minguez Rodriguez, R."]
[Black "Iglesias, J."]
[Result "1/2-1/2"]
[WhiteElo "2305"]
[BlackElo "2396"]
[PlyCount "31"]
[EventDate "2011.??.??"]
[EventType "team"]

1. e4 c5 2. Nf3 Nc6 3. d4 cxd4 4. Nxd4 g6 5. Nc3 Bg7 6. Be3 Nf6 7. Bc4 Qa5 8.
O-O O-O 9. Bb3 d6 10. h3 Bd7 11. Qd3 Rfc8 12. f4 Nxd4 13. Bxd4 Be6 14. f5 Bxb3
15. axb3 Qd8 16. Ra4 1/2-1/2

[Event "Ct. Catalunya eq. DH"]
[Site "?"]
[Date "2011.02.05"]
[Round "2.4"]
[White "Comas Fabrego, L."]
[Black "Grafl, F."]
[Result "1/2-1/2"]
[WhiteElo "2588"]
[BlackElo "2419"]
[PlyCount "110"]
[EventDate "2011.??.??"]
[EventType "team"]

1. d4 f5 2. g3 Nf6 3. Bg2 e6 4. c4 Be7 5. Nf3 O-O 6. O-O d6 7. Nc3 Ne4 8. Qc2
Nxc3 9. bxc3 Nc6 10. e4 e5 11. d5 Nb8 12. c5 Na6 13. Be3 b6 14. cxd6 cxd6 15.
exf5 Bxf5 16. Qa4 Bd3 17. Rfe1 Rc8 18. Rad1 Bc4 19. Nd2 Bd3 20. Be4 Bxe4 21.
Nxe4 Nc5 22. Bxc5 bxc5 23. Qxa7 Ra8 24. Qb7 Rxa2 25. Ra1 Qa8 26. Qxa8 Rfxa8 27.
Rxa2 Rxa2 28. Kg2 Ra5 29. c4 Ra4 30. Rc1 Kf7 31. Kf3 Ke8 32. h4 Kd7 33. Ke3 Bd8
34. f4 Ra3+ 35. Rc3 exf4+ 36. Kxf4 Rxc3 37. Nxc3 Bf6 38. Ne4 Bb2 39. h5 Ke7 40.
Kf5 Bc1 41. g4 Be3 42. g5 Bc1 43. Nf2 Be3 44. Ne4 Bc1 45. g6 h6 46. Kg4 Bb2 47.
Kf3 Be5 48. Ke2 Kd7 49. Kd3 Ke7 50. Kc2 Kd7 51. Kb3 Kc7 52. Ka4 Kb6 53. Nd2 Ka6
54. Ne4 Kb6 55. Nf2 Ka6 1/2-1/2

[Event "Ct. Catalunya eq. DH"]
[Site "?"]
[Date "2011.02.05"]
[Round "2.4"]
[White "Granados Gomez, M."]
[Black "Canal Oliveras, J."]
[Result "1-0"]
[WhiteElo "2444"]
[BlackElo "2318"]
[PlyCount "75"]
[EventDate "2011.??.??"]
[EventType "team"]

1. e4 e5 2. Nf3 d6 3. d4 Nd7 4. Nc3 Ngf6 5. g3 Be7 6. Bg2 O-O 7. O-O b6 8. h3
Bb7 9. Nh4 Re8 10. Nf5 Bf8 11. d5 a5 12. g4 Ba6 13. Re1 g6 14. Ng3 h6 15. g5
hxg5 16. Bxg5 Be7 17. h4 Nh7 18. Bxe7 Qxe7 19. h5 Qh4 20. Re3 Ndf6 21. hxg6
fxg6 22. Nf1 Ng4 23. Rg3 Nxf2 24. Qf3 Rf8 25. Rxg6+ Kh8 26. Qg3 Qxg3 27. Nxg3
Bc8 28. Nb5 Nh3+ 29. Bxh3 Bxh3 30. Rh6 Bd7 31. Nxc7 Rac8 32. Ne6 Rg8 33. Kf2
Bxe6 34. dxe6 Rgf8+ 35. Nf5 Rf6 36. Rxf6 Nxf6 37. Rh1+ Nh7 38. e7 1-0

[Event "Ct. Catalunya eq. DH"]
[Site "?"]
[Date "2011.02.05"]
[Round "2.5"]
[White "Simon Padros, E."]
[Black "Torrecillas Martinez, A."]
[Result "1-0"]
[WhiteElo "2299"]
[BlackElo "2468"]
[PlyCount "81"]
[EventDate "2011.??.??"]
[EventType "team"]

1. e4 c5 2. d3 Nc6 3. g3 g6 4. Bg2 Bg7 5. f4 e6 6. Nf3 Nge7 7. O-O O-O 8. c3 d5
9. e5 Rb8 10. Na3 b5 11. Nc2 b4 12. cxb4 cxb4 13. Be3 Qa5 14. Ncd4 Ba6 15. Re1
Nxd4 16. Nxd4 Rfc8 17. Nb3 Qc7 18. Rc1 Qd7 19. Nc5 Qc6 20. d4 Bb5 21. g4 Qb6
22. Qd2 a5 23. Bh3 Rc7 24. f5 exf5 25. gxf5 gxf5 26. Kh1 Kh8 27. e6 fxe6 28.
Bf4 e5 29. Rxe5 Rbc8 30. Re6 Rxc5 31. Rxb6 Rxc1+ 32. Qxc1 Rxc1+ 33. Bxc1 Bd3
34. Rb8+ Ng8 35. Bg2 Bxd4 36. Bxd5 Be4+ 37. Bxe4 fxe4 38. Re8 e3 39. b3 Kg7 40.
Bxe3 Nf6 41. Bxd4 1-0

[Event "Ct. Catalunya eq. DH"]
[Site "?"]
[Date "2011.02.05"]
[Round "2.6"]
[White "Escandell Mari, JC."]
[Black "Gomez Jurado, LA."]
[Result "0-1"]
[WhiteElo "2361"]
[BlackElo "2392"]
[PlyCount "96"]
[EventDate "2011.??.??"]
[EventType "team"]

1. e4 c5 2. Nf3 Nc6 3. Bb5 g6 4. Bxc6 dxc6 5. d3 Bg7 6. h3 e5 7. Be3 Qe7 8. Nc3
Nf6 9. Qd2 Nd7 10. Bh6 f6 11. Bxg7 Qxg7 12. Nh2 g5 13. Ng4 Nf8 14. Ne3 Ng6 15.
g3 Be6 16. O-O-O b5 17. Kb1 a5 18. Nf5 Qa7 19. Ne2 a4 20. f4 a3 21. b3 gxf4 22.
gxf4 O-O-O 23. Qe3 exf4 24. Nxf4 Bxf5 25. exf5 Nxf4 26. Qxf4 Qa5 27. Rhe1 Qc3
28. Qc1 b4 29. Re4 Rd4 30. Re6 Kb7 31. Re7+ Kb6 32. Rg1 Rf4 33. Rge1 h5 34. Rg1
h4 35. Rgg7 Rb8 36. Rg1 Rb7 37. Re8 Rd7 38. Rb8+ Ka7 39. Re8 Rxf5 40. Re4 Rd4
41. Re7+ Kb6 42. Rgg7 c4 43. Rb7+ Kc5 44. Rg1 cxd3 45. cxd3 Rf2 46. Qxc3+ bxc3
47. Rg4 Rxg4 48. hxg4 h3 0-1

[Event "Ct. Catalunya eq. DH"]
[Site "?"]
[Date "2011.02.05"]
[Round "2.6"]
[White "Sanchez Ibern, M."]
[Black "Ubach Miralda, M."]
[Result "1-0"]
[WhiteElo "2385"]
[BlackElo "2351"]
[PlyCount "97"]
[EventDate "2011.??.??"]
[EventType "team"]

1. e4 c6 2. d4 d5 3. Nc3 dxe4 4. Nxe4 Bf5 5. Ng3 Bg6 6. h4 h6 7. Nf3 Nd7 8. h5
Bh7 9. Bd3 Bxd3 10. Qxd3 e6 11. Bd2 Ngf6 12. O-O-O Qc7 13. Qe2 c5 14. Rhe1
O-O-O 15. dxc5 Bxc5 16. Kb1 Qb6 17. Rf1 Rhe8 18. c4 Kb8 19. Bc3 Ka8 20. Rd2 Bb4
21. Bxb4 Qxb4 22. Rfd1 Qb6 23. Rd6 Qa5 24. Qd2 Qxd2 25. R1xd2 Kb8 26. Ne5 Re7
27. f4 Kc7 28. b4 Nxe5 29. Rxd8 Nxc4 30. R2d3 Nd5 31. Rg8 f6 32. a3 b5 33. Nf5
exf5 34. Rxd5 Re1+ 35. Ka2 Re2+ 36. Kb3 Re3+ 37. Kc2 Nxa3+ 38. Kd1 Rg3 39. Rxf5
Rxg2 40. Rxf6 Nc2 41. Rf7+ Kd6 42. Rgxg7 Ne3+ 43. Kc1 Rc2+ 44. Kb1 Rf2 45. Rh7
Kd5 46. Rc7 Nc4 47. Rxh6 Rxf4 48. Kc2 Rf2+ 49. Kc3 1-0

[Event "Ct. Catalunya eq. DH"]
[Site "?"]
[Date "2011.02.05"]
[Round "2.7"]
[White "Duran Albareda, X."]
[Black "Ryan, J."]
[Result "1-0"]
[WhiteElo "2320"]
[BlackElo "2349"]
[PlyCount "115"]
[EventDate "2011.??.??"]
[EventType "team"]

1. e4 e6 2. d3 d5 3. Nd2 Nf6 4. Ngf3 c5 5. g3 Nc6 6. Bg2 Be7 7. O-O Qc7 8. Re1
b6 9. Nf1 Bb7 10. Bf4 Qd7 11. e5 Ng8 12. c3 O-O-O 13. a3 h6 14. h4 Kb8 15. b4
Rc8 16. N1d2 Qd8 17. bxc5 Bxc5 18. Nb3 Bf8 19. a4 Nge7 20. a5 Nxa5 21. Nxa5
bxa5 22. Nd4 Nc6 23. Nb3 g5 24. hxg5 hxg5 25. Bc1 Be7 26. Ba3 Qf8 27. Bxe7 Qxe7
28. d4 Ba6 29. Nc5 Bc4 30. Qa4 Ka8 31. Rab1 Qf8 32. f3 Rc7 33. Rb2 Qc8 34. Reb1
Re8 35. f4 gxf4 36. gxf4 Ree7 37. Kf2 Qh8 38. Ke3 f6 39. exf6 Rh7 40. Bf3 Rh3
41. Rg1 Rxf3+ 42. Kxf3 Qh3+ 43. Rg3 Qf1+ 44. Rf2 Qh1+ 45. Kg4 Rc8 46. Nxe6 Nb8
47. f7 Rh8 48. Ng5 Qh5+ 49. Kf5 Rf8 50. Kf6 Qh6+ 51. Ke7 Nc6+ 52. Qxc6+ Qxc6
53. Kxf8 Qh6+ 54. Ke7 Qg7 55. Rb2 a6 56. Ne6 Qh7 57. Rg7 Qh4+ 58. Kd6 1-0

[Event "Ct. Catalunya eq. DH"]
[Site "?"]
[Date "2011.02.05"]
[Round "2.8"]
[White "Castellet Giralt, G."]
[Black "Rivas Garcia, V."]
[Result "1/2-1/2"]
[WhiteElo "2300"]
[BlackElo "2341"]
[PlyCount "168"]
[EventDate "2011.??.??"]
[EventType "team"]

1. d4 f5 2. g3 Nf6 3. Bg2 g6 4. Nh3 Bg7 5. Nf4 Nc6 6. d5 Ne5 7. c3 c6 8. O-O
O-O 9. Na3 Qb6 10. Rb1 Nxd5 11. Nxd5 cxd5 12. Be3 Qa5 13. Bxd5+ e6 14. Bb3 b6
15. Nc4 Nxc4 16. Bxc4 Kh8 17. Qd6 Qe5 18. Bf4 Qxd6 19. Bxd6 Rf7 20. Rfd1 Bb7
21. Rd2 Rc8 22. Bb3 g5 23. Rbd1 Bc6 24. a4 h6 25. a5 b5 26. f3 a6 27. Kf2 Bf6
28. e3 g4 29. f4 h5 30. Be5 Bxe5 31. fxe5 Rh7 32. Rf1 h4 33. gxh4 Rxh4 34. Kg3
Rh3+ 35. Kf4 Rg8 36. Bd1 g3 37. hxg3 Rgxg3 38. Rff2 Rxe3 39. Rh2 Re4+ 40. Kg5
Rxh2 41. Rxh2+ Kg7 42. Rd2 Rxe5 43. Rd6 Rd5 44. Rxd5 Bxd5 45. Bh5 Kf8 46. Kf4
Ke7 47. Ke5 d6+ 48. Kd4 Bc4 49. Bf3 e5+ 50. Ke3 d5 51. Bh5 f4+ 52. Kf3 Bb3 53.
Bg6 Bd1+ 54. Kf2 e4 55. Bf5 Kd8 56. b4 e3+ 57. Ke1 Bh5 58. Be6 Bf3 59. Kf1 Kc7
60. Ke1 Kb7 61. Kf1 Be4 62. Ke2 Kc7 63. Bg4 Bc2 64. Be6 Bb3 65. Bg4 Bc4+ 66.
Kf3 Bd3 67. Be6 Bc4 68. Bg4 Bd3 69. Be6 Be4+ 70. Ke2 Bg2 71. Bg4 Bh1 72. Be6
Be4 73. Bg4 Bg6 74. Kf3 Bd3 75. Be6 e2 76. Kf2 Bc4 77. Bg4 Bd3 78. Be6 Bc4 79.
Bg4 Kd8 80. Bxe2 Bxe2 81. Kxe2 Ke7 82. Kf3 Ke6 83. Kxf4 Kf6 84. Ke3 Ke6 1/2-1/2

[Event "Ct. Catalunya eq. DH"]
[Site "?"]
[Date "2011.02.05"]
[Round "2.8"]
[White "De la Riva Aguado, J."]
[Black "Armengol Comas, J."]
[Result "0-1"]
[WhiteElo "2289"]
[BlackElo "2297"]
[PlyCount "84"]
[EventDate "2011.??.??"]
[EventType "team"]

1. e4 c5 2. Nf3 Nc6 3. c3 d5 4. exd5 Qxd5 5. d4 Nf6 6. Be2 e6 7. O-O Be7 8. Na3
cxd4 9. Nb5 Qd8 10. Bf4 Nd5 11. Bg3 dxc3 12. bxc3 a6 13. c4 axb5 14. cxd5 Qxd5
15. Qxd5 exd5 16. Bxb5 O-O 17. a4 Be6 18. Rac1 Rfc8 19. Bf4 h6 20. h3 Bf6 21.
Rfd1 Na5 22. Rb1 Nc4 23. Rb3 Nb2 24. Rb1 Nxa4 25. Bf1 Nc3 26. Re1 b5 27. Bxb5
d4 28. Rb2 Nxb5 29. Rxb5 Ra2 30. Rd1 g5 31. Bg3 Bc4 32. Rf5 Be2 33. Rxf6 Bxd1
34. Nxd4 Bc2 35. Nxc2 Raxc2 36. h4 R8c6 37. Rf5 f6 38. hxg5 hxg5 39. Ra5 Kf7
40. Ra8 Rc8 41. Ra7+ Kg6 42. Ra6 Rc1+ 0-1

[Event "Ct. Catalunya eq. DH"]
[Site "?"]
[Date "2011.02.05"]
[Round "2.9"]
[White "Bosque Ortega, X."]
[Black "Fernandez Cazorla, A."]
[Result "0-1"]
[WhiteElo "2327"]
[BlackElo "2295"]
[PlyCount "68"]
[EventDate "2011.??.??"]
[EventType "team"]

1. d4 d5 2. Bf4 Nf6 3. e3 Bf5 4. c4 c6 5. Qb3 Qb6 6. c5 Qxb3 7. axb3 Na6 8.
Bxa6 bxa6 9. Nc3 Nh5 10. Rxa6 Nxf4 11. exf4 Bc8 12. Ra5 Rb8 13. Rxa7 Rxb3 14.
Na4 Bf5 15. Ra8+ Kd7 16. Nf3 f6 17. O-O Be4 18. Re1 g6 19. Nd2 Rd3 20. Nb6+ Ke6
21. f3 Rxd2 22. fxe4 dxe4 23. Rxe4+ Kf5 24. Re1 Rxd4 25. Rc8 Kxf4 26. Rxc6 Kg5
27. Rc8 e5 28. Kh1 e4 29. c6 e3 30. h4+ Kg4 31. Nd7 e2 32. Re8 Bb4 33. R1xe2
Rxe8 34. Nxf6+ Kg3 0-1

[Event "Ct. Catalunya eq. DH"]
[Site "?"]
[Date "2011.02.05"]
[Round "2.9"]
[White "Sadrija, E."]
[Black "Llaneza Vega, P."]
[Result "1-0"]
[WhiteElo "2244"]
[BlackElo "2351"]
[PlyCount "117"]
[EventDate "2011.??.??"]
[EventType "team"]

1. d4 Nf6 2. Nc3 d5 3. Bf4 Bf5 4. Nf3 e6 5. e3 Be7 6. Bb5+ c6 7. Bd3 Bxd3 8.
cxd3 Nbd7 9. h3 O-O 10. O-O Qb6 11. Qe2 Qa6 12. Rfc1 c5 13. dxc5 Nxc5 14. Ne5
Nfd7 15. Nxd7 Nxd7 16. d4 Qxe2 17. Nxe2 Rfc8 18. Rxc8+ Rxc8 19. Rc1 Rxc1+ 20.
Nxc1 f6 21. Nd3 Kf7 22. f3 Nb6 23. Kf2 Ke8 24. Bc7 Nc4 25. b3 Na3 26. Ke2 Nb5
27. Ba5 b6 28. Be1 Kd7 29. a4 Nd6 30. Bc3 Kc6 31. Nf4 Kd7 32. Nd3 Kc6 33. Bb4
Kd7 34. Bc3 Kc6 35. g4 g5 36. Bb4 Kd7 37. Be1 Nb7 38. h4 gxh4 39. Bxh4 Na5 40.
b4 Nc4 41. Be1 e5 42. Bc3 Ke6 43. f4 Bd6 44. f5+ Kf7 45. dxe5 fxe5 46. e4 d4
47. Bd2 a6 48. Bc1 b5 49. a5 Bf8 50. g5 Be7 51. Kf3 Bd6 52. Kg4 Kg7 53. Kh5 Ne3
54. f6+ Kf7 55. Kh6 Bf8+ 56. Kxh7 Ng4 57. Bd2 Ke6 58. Kg8 Bd6 59. f7 1-0

[Event "Ct. Catalunya eq. DH"]
[Site "?"]
[Date "2011.02.05"]
[Round "2.10"]
[White "Bautista Sanchez, J."]
[Black "Folch Abad, S."]
[Result "1-0"]
[WhiteElo "2294"]
[BlackElo "2110"]
[PlyCount "85"]
[EventDate "2011.??.??"]
[EventType "team"]

1. Nf3 g6 2. c4 Bg7 3. Nc3 e5 4. g3 Nc6 5. Bg2 d6 6. d3 f5 7. O-O Nf6 8. Rb1
O-O 9. b4 h6 10. b5 Ne7 11. Qc2 g5 12. a4 Ng6 13. a5 Rb8 14. Ba3 Re8 15. Nd2
Be6 16. a6 b6 17. Nd5 Nxd5 18. cxd5 Bf7 19. Rfc1 Re7 20. Rb4 Be8 21. Nb1 Rf7
22. Nc3 g4 23. Rc4 h5 24. Na2 Rc8 25. Nb4 Bxb5 26. Nc6 Bxc6 27. Rxc6 Bf8 28. d4
e4 29. f3 exf3 30. exf3 Qd7 31. h3 Rg7 32. fxg4 hxg4 33. hxg4 fxg4 34. Be4 Ne7
35. Rxc7 Rxc7 36. Qxc7 Qa4 37. Qc3 Qxa6 38. Bxd6 Qe2 39. Re1 Qa6 40. Be5 Rg5
41. d6 Ng6 42. Qb3+ Kh7 43. Qf7+ 1-0